Political thought of Rabindranath Tagore (Record no. 18179)

MARC details
000 -LEADER
fixed length control field 00413nam a2200157Ia 4500
082 ## - DEWEY DECIMAL CLASSIFICATION NUMBER
Classification number TT.0126
100 ## - MAIN ENTRY--AUTHOR NAME
Personal name Tiwari, B.D.
245 #0 - TITLE STATEMENT
Title Political thought of Rabindranath Tagore
260 ## - PUBLICATION, DISTRIBUTION, ETC. (IMPRINT)
Year of publication 1970
Name of publisher Agra University
300 ## - PHYSICAL DESCRIPTION
Number of Pages 332p. + C D - 53
650 ## - SUBJECT ADDED ENTRY--TOPICAL TERM
Topical Term POLITICAL SCIENCE
650 ## - SUBJECT ADDED ENTRY--TOPICAL TERM
Topical Term POLITICAL THOUGHT//POLITICAL SCIENCE
650 ## - SUBJECT ADDED ENTRY--TOPICAL TERM
Topical Term TAGORE, RABINDRANATH
710 ## - ADDED ENTRY--CORPORATE NAME
Corporate name or jurisdiction name as entry element Dubey, S.N.
942 ## - ADDED ENTRY ELEMENTS (KOHA)
Koha item type Thesis
Source of classification or shelving scheme Dewey Decimal Classification
Holdings
Withdrawn status Lost status Damaged status Not for loan Home library Current library Date acquired Full call number Accession Number Price effective from Koha item type
        NASSDOC Library NASSDOC Library 08/10/2004 TT.0126 5651 18/04/2019 Thesis